Statistics for religions of Ireland

Click here to take the quiz!

General Stats

  • This quiz has been taken 372 times
    (300 since last reset)
  • The average score is 3 of 10

Answer Stats

populationreligion% Correct
3,831,187Roman Catholic
100%
124,445Church of ireland,England, Anglican
82%
48,130Islam
72%
44,003Orthodox ( Greek,Coptic,Russian )
22%
256,830Non religious
12%
22,835Presbyterian
8%
75,655Other Religions
4%
13,876Apostolic, Pentecostal
2%
68,668Not stated
2%
39,652other Christian religions
2%

Score Distribution

Percentile by Number Answered

Percent of People with Each Score

Your Score History

You have not taken this quiz since the last reset